000 00472nam a22001697a 4500
005 20251108164646.0
008 250721s1998 xx 000 0 ara d
082 1 4 _a658.311/تاد
100 1 _aكادور، جون
245 1 0 _aأسئلة المدارء /
264 1 _aالرياض :
_bبيت الأفكار الدولية،
_c1998.
650 1 7 _aالإدارة
650 1 7 _aالمقابلات
650 1 7 _aالموظفون
942 _2ddc
_cBK
999 _c11147
_d11147